| 000 | 01202nam a22003617a 4500 | ||
|---|---|---|---|
| 003 | CHAP | ||
| 005 | 20220329135450.0 | ||
| 008 | 971013s1967 r 00010 d | ||
| 010 | _a36968 | ||
| 011 | _a37940 | ||
| 035 | _a42060 | ||
| 040 | _cCHAP | ||
| 090 | _aFolleto 4812y | ||
| 100 | 0 | 0 |
_aParker, J. R. _985592 |
| 245 | 1 |
_aLangostas _b: sus hábitos y perjuicios |
|
| 260 |
_aMéxico : _bCentro Regional de Ayuda Técnica, _c1967 |
||
| 300 |
_a30 p. _b: ilus. |
||
| 500 | _ac.4 en bodega | ||
| 590 |
_aBATCH-UPD _b10 _c20130110 _lUCH01 _h0128 |
||
| 590 |
_aBATCH-UPD _b10 _c20130110 _lUCH01 _h2151 |
||
| 590 |
_aBATCH-UPD _b10 _c20130409 _lUCH01 _h2123 |
||
| 590 |
_aBATCH-UPD _b10 _c20130914 _lUCH01 _h0911 |
||
| 590 |
_aCONVERSION _b10 _c20130109 _lUCH01 _h1321 |
||
| 650 | 1 | 4 |
_aLangosta como plaga. _964759 |
| 700 | 0 |
_aConnin, R. V. _927225 |
|
| 710 | 0 |
_aCentro Regional de Ayuda Técnica. _921261 |
|
| 710 | 0 |
_aE.U.A. Department of Agriculture. _934876 |
|
| 901 | _aBK | ||
| 942 | _cFOLL | ||
| 949 |
_aFolleto 4812y _bBC _cFOLL _d-96592 _eTS1 _i42060 _mD _si |
||
| 949 |
_aFolleto 4812y _bBC _cFOLL _d-96593 _eTS2 _fc.2 _i42060 _mD _si |
||
| 949 |
_aFolleto 4812y _bBC _cFOLL _d-96594 _eTS2 _fc.3 _i42060 _mD _si |
||
| 999 |
_c36968 _d36968 |
||